| 000 | 00516nam a22001817a 4500 | ||
|---|---|---|---|
| 005 | 20260509120140.0 | ||
| 008 | 260509b |||||||| |||| 00| 0 eng d | ||
| 020 |
_a9780194422581 _qpbk |
||
| 041 | _aeng | ||
| 082 | _a418 DOR | ||
| 100 | _aDornyei, Zoltan | ||
| 245 |
_aResearch in Methods in Applied Linguistics _cZoltan Dornyei |
||
| 260 |
_aNew York _bOxford University Press _c2007 |
||
| 300 |
_a336p. : _c25cm |
||
| 504 | _aBib and Ref | ||
| 650 | _aStandard usage & applied linguistics | ||
| 942 | _cENGLISH | ||
| 999 |
_c622914 _d622914 |
||